Coupe du monde de football 2018 - équipes qualifiées - Statistiques

Statistiques générales
  • Ce quiz a été pris 1 318 fois
    1 271 depuis la dernière actualisation
  • Le résultat moyen est 22 sur 32
Statistiques - réponses
Confédération Réponse % Correct
UEFA France
99%
CONMEBOL Argentine
94%
CONMEBOL Brésil
92%
UEFA Espagne
92%
UEFA Portugal
88%
UEFA Allemagne
87%
UEFA Angleterre
87%
UEFA Belgique
86%
UEFA Croatie
79%
CAF Maroc
78%
AFC Japon
76%
UEFA Russie
76%
CONMEBOL Uruguay
76%
UEFA Danemark
73%
CAF Sénégal
71%
AFC Australie
70%
CONMEBOL Colombie
70%
CONMEBOL Pérou
67%
UEFA Suisse
67%
UEFA Suède
64%
CONCACAF Mexique
63%
AFC Corée du Sud
62%
CAF Egypte
56%
CAF Tunisie
56%
UEFA Pologne
55%
CAF Nigeria
49%
AFC Arabie Saoudite
48%
AFC Iran
46%
UEFA Islande
42%
CONCACAF Panama
41%
CONCACAF Costa Rica
40%
UEFA Serbie
40%
Aucun quiz correspondant
Distribution des résultats
% des personnes avec chaque résultat
Percentile par nombre de réponses
Votre historique - résultats
Vous n’avez pas pris ce quiz depuis la dernière actualisation